| 000 | 01196nam2a2200253 4500 | ||
|---|---|---|---|
| 001 | rc\3019205 | ||
| 005 | 20260315064555.0 | ||
| 035 | _a(NLR Aleph) 007161373 | ||
| 090 |
_a13618916 _c13618916 |
||
| 100 | _a20080225d1935 u y0rusy50 ca | ||
| 101 | 0 | _arus | |
| 102 | _aRU | ||
| 105 | _ay z ||||| | ||
| 200 | 0 | _aЗадание 9 | |
| 210 | _d1935 | ||
| 215 |
_aТит. л., 19 с. _d20×13 см |
||
| 300 | _aВ выпускных данных: Сост. Л. Якушевич | ||
| 461 | 0 |
_1001rc\3019201 _12000#$aРусский язык$fЛенингр. коммунист. ин-т журналистики им. В.В. Воровского$vЗадание 9 _97252507 _aКоммунистический институт журналистики им. В.В.Воровского (Ленинград) _cЛенинград _d1932-1935 _fЛенинградский коммунистический институт журналистики имени В. В. Воровского _n[б. и.] _tРусский язык _vЗадание 9 |
|
| 702 | 1 |
_aЯкушевич _bЛ. _4220 |
|
| 801 | 0 |
_aRU _bNLR _gpsbo |
|
| 801 | 1 |
_aRU _bELAR _2rusmarc |
|
| 852 |
_aNLR _j32-15/168(9) |
||
| 942 | _cUNSPEC | ||
| 980 | _aNB | ||